000 01811nam a22002657a 4500
999 _c62081
_d62081
003 Ge_BSU
005 20240704161710.0
008 240704s2020 ge ||||| |||| 00| 0 geo d
020 _a9789941320316
041 _ageo
080 _a338.22+005.511გ-22
100 _aგასმანი, ოლივერ, ავტორი.
_922717
245 _aბიზნესმოდელების ნავიგატორი :
_b 55 წარმატებული ბიზნესმოდელი /
_cოლივერ გასმანი, კაროლინ ფრანკენბერგერი, მიქაელა ცზიკი ; ინგლისურიდან თარგმნა ანა აფციაურმა ; რედაქტორი თეა ბარამაშვილი ; წინასიტყვაობა ანა ცხოვრებაძე ; დიზაინერი სალომე საბანაძე.
264 _aთბილისი :
_b პალიტრა L,
_c 2020.
300 _a464 გვ. ;
_b 23 სმ.
440 _aლურჯი ოკეანე
_913234
500 _aწიგნი გამოცემულია კომპანია "ჯეპრასთან" თანამშრომლობით.
653 _aბიზნესის მართვა. ბიზნესმოდელი
653 _aეკონომიკა
653 _aმენეჯმენტი
700 _aფრანკენბერგერი, კაროლინ
_922718
700 _aცზიკი, მიქაელა
_922719
700 _aაფციაური, ანა
_eმთარგმნელი და სხვ.
_916154
942 _2udc
_cᲬᲘᲒᲜᲘ